[Event "NEP-ch (Women)"]
[Site "Kathmandu"]
[Date "2023.04.21"]
[Round "5"]
[White "Bhandari, Pooja"]
[Black "Joshi, Sindira"]
[Result "0-1"]
[WhiteElo "1484"]
[BlackElo "1489"]
[PlyCount "140"]
[EventDate "2023.04.18"]
[EventType "tourn"]
[EventRounds "9"]
[EventCountry "NEP"]
[SourceTitle "EXT 2024"]
[Source "ChessBase"]
[SourceDate "2023.10.10"]
[SourceVersion "1"]
[SourceVersionDate "2023.10.10"]
[SourceQuality "1"]

1. e4 e5 2. Nf3 Nf6 3. Nxe5 d6 4. Nf3 Nxe4 5. d4 d5 6. Bd3 Bd6 7. 0-0 0-0 8. Re1 Re8 9. Nbd2 Nxd2 10. Qxd2 h6 11. Rxe8+ Qxe8 12. c3 Bg4 13. Nh4 Nd7 14. h3 Be6 15. Bc2 Nf6 16. Qd3 Ne4 17. f3 Nf6 18. Bd2 Bg3 19. Nf5 Bxf5 20. Qxf5 Qe2 21. Qd3 Qf2+ 22. Kh1 Re8 23. Rf1 Qe2 24. Qxe2 Rxe2 25. Rd1 c6 26. Bd3 Re8 27. Kg1 Nh5 28. Kf1 Nf4 29. Bxf4 Bxf4 30. Re1 Rxe1+ 31. Kxe1 Bc1 32. b3 Bb2 33. Kd2 Kf8 34. Bf5 Ke7 35. Bc8 b6 36. Bb7 Kd6 37. Kd3 Bc1 38. c4 dxc4+ 39. bxc4 Bf4 40. d5 cxd5 41. cxd5 Kc5 42. Kc3 b5 43. Kb3 a5 44. a4 b4 45. Bc6 Kd4 46. Bb7 Bd6 47. Bc6 Ke3 48. Be8 f6 49. Kc4 Kf2 50. Kb5 b3 51. Kxa5 b2 52. Bg6 Ke3 53. Kb6 Kd4 54. Kc6 Ke5 55. a5 f5 56. f4+ Kf6 57. Bxf5 Kxf5 58. Kxd6 b1Q 59. Kc6 Qc2+ 60. Kb6 Qb3+ 61. Kc6 Qc4+ 62. Kd6 Qa6+ 63. Kd7 Qxa5 64. d6 Kxf4 65. Ke7 Qe5+ 66. Kd7 Kg3 67. Kc6 Qe6 68. Kc7 Kxg2 69. d7 Qe7 70. Kc8 Kxh3 0-1

[Event "NEP Oly qual (Women)"]
[Site "Kathmandu"]
[Date "2022.06.24"]
[Round "6"]
[White "Joshi, Sindira"]
[Black "Neupane, Anisha"]
[Result "1/2-1/2"]
[WhiteElo "1446"]
[BlackElo "1470"]
[PlyCount "60"]
[EventDate "2022.06.22"]
[EventType "swiss"]
[EventRounds "7"]
[EventCountry "NEP"]
[SourceTitle "EXT 2024"]
[Source "ChessBase"]
[SourceDate "2023.10.10"]
[SourceVersion "1"]
[SourceVersionDate "2023.10.10"]
[SourceQuality "1"]

1. e4 c5 2. Nc3 g6 3. f4 Bg7 4. Nf3 d6 5. Bb5+ Nc6 6. 0-0 Nf6 7. d3 0-0 8. Bxc6 bxc6 9. Qe1 Bd7 10. Qh4 Rb8 11. Kh1 Ne8 12. Ng5 h6 13. Nf3 e6 14. Qxd8 Rxd8 15. Bd2 Bc8 16. e5 Ba6 17. Ne4 c4 18. dxc4 Bxc4 19. Rfe1 dxe5 20. fxe5 f6 21. Bb4 Rf7 22. exf6 Nxf6 23. c3 Nxe4 24. Rxe4 Bd5 25. Re3 Bxf3 26. Rxf3 Rxf3 27. gxf3 Rd2 28. Re1 Rxb2 29. Rxe6 Rxa2 30. Rxc6 Kf7 1/2-1/2

[Event "Online Olym Div3 A"]
[Site "Chess.com INT"]
[Date "2021.08.29"]
[Round "8.1"]
[White "Joshi, Sindira"]
[Black "Aleksandrova, Aleksandra"]
[Result "1-0"]
[WhiteElo "1506"]
[BlackElo "1731"]
[PlyCount "53"]
[EventDate "2021.08.27"]
[EventType "team-tourn (rapid)"]
[EventRounds "9"]
[EventCountry "USA"]
[SourceTitle "CBM 204 Extra"]
[Source "ChessBase"]
[SourceDate "2021.11.30"]
[SourceVersion "1"]
[SourceVersionDate "2021.11.30"]
[SourceQuality "1"]
[WhiteTeam "Nepal"]
[BlackTeam "IPCA"]
[WhiteTeamCountry "NEP"]

1. e4 d5 2. exd5 Qxd5 3. Nc3 Qa5 4. d4 c6 5. Nf3 Nd7 6. Bc4 e6 7. 0-0 Ngf6 8. Bb3 Bd6 9. Re1 0-0 10. Ne4 Nxe4 11. Rxe4 Qf5 12. Re1 b5 13. c3 Bb7 14. Bc2 Qh5 15. h3 Rae8 16. Be3 Bb8 17. Bd3 e5 18. Be2 Qg6 19. dxe5 Bc8 20. Bd3 Qe6 21. Ng5 Qxe5 22. Bxh7+ Kh8 23. Qh5 Nf6 24. Qh4 Qh2+ 25. Kf1 Qh1+ 26. Ke2 Bg4+ 27. Kd2 1-0

[Event "Online Olym Div3 A"]
[Site "Chess.com INT"]
[Date "2021.08.29"]
[Round "9.1"]
[White "Joshi, Sindira"]
[Black "Tharushi, THD Niklesha"]
[Result "0-1"]
[WhiteElo "1506"]
[BlackElo "1711"]
[PlyCount "126"]
[EventDate "2021.08.27"]
[EventType "team-tourn (rapid)"]
[EventRounds "9"]
[EventCountry "USA"]
[SourceTitle "CBM 204 Extra"]
[Source "ChessBase"]
[SourceDate "2021.11.30"]
[SourceVersion "1"]
[SourceVersionDate "2021.11.30"]
[SourceQuality "1"]
[WhiteTeam "Nepal"]
[BlackTeam "Sri Lanka"]
[WhiteTeamCountry "NEP"]
[BlackTeamCountry "SRI"]

1. e4 c5 2. Nc3 a6 3. f4 b5 4. Nf3 Bb7 5. d3 e6 6. g3 Nf6 7. Bg2 d5 8. e5 Ng8 9. 0-0 Nh6 10. Qe1 Nc6 11. Bd2 Be7 12. a3 Nf5 13. Ne2 h5 14. Kh1 d4 15. Neg1 Na7 16. a4 b4 17. Nh3 a5 18. Nhg5 Nc8 19. Ne4 Nb6 20. b3 Nd5 21. Bc1 Nde3 22. Bxe3 Nxe3 23. Rf2 h4 24. Re2 h3 25. Bf1 f5 26. exf6 gxf6 27. Rxe3 dxe3 28. Qxe3 f5 29. Ned2 Bd5 30. Nc4 Bf6 31. Re1 Qc7 32. Kg1 0-0-0 33. Kf2 Bc3 34. Re2 Bxf3 35. Qxf3 Bd4+ 36. Ke1 Rh6 37. Kd1 Re8 38. g4 fxg4 39. Qxg4 Rf6 40. Bxh3 Qxf4 41. Qxf4 Rxf4 42. Rxe6 Rxe6 43. Bxe6+ Kc7 44. h3 Bc3 45. Bg4 Rf1+ 46. Ke2 Rc1 47. Nxa5 Rxc2+ 48. Kf3 Rd2 49. Bf5 Rb2 50. h4 Bd4 51. h5 Rb1 52. h6 Kb6 53. Nc4+ Kc7 54. h7 Rxb3 55. a5 Rb1 56. Ke4 Ra1 57. Ne5 Re1+ 58. Kf3 Bxe5 59. a6 Ra1 60. Ke4 Bd4 61. Kd5 b3 62. Kc4 b2 63. a7 b1Q 0-1

[Event "Online Olym Div3 A"]
[Site "Chess.com INT"]
[Date "2021.08.28"]
[Round "6.1"]
[White "Azhar, Puteri Rifqah Fahad"]
[Black "Joshi, Sindira"]
[Result "1-0"]
[WhiteElo "1939"]
[BlackElo "1506"]
[PlyCount "99"]
[EventDate "2021.08.27"]
[EventType "team-tourn (rapid)"]
[EventRounds "9"]
[EventCountry "USA"]
[SourceTitle "CBM 204 Extra"]
[Source "ChessBase"]
[SourceDate "2021.11.30"]
[SourceVersion "1"]
[SourceVersionDate "2021.11.30"]
[SourceQuality "1"]
[WhiteTeam "Malaysia"]
[BlackTeam "Nepal"]
[WhiteTeamCountry "MAS"]
[BlackTeamCountry "NEP"]

1. d4 Nf6 2. Nf3 e6 3. Bf4 d5 4. e3 c5 5. c3 Be7 6. Nbd2 0-0 7. Bd3 Nc6 8. 0-0 b6 9. Ne5 Bb7 10. Qe2 Nd7 11. Nxd7 Qxd7 12. Qh5 g6 13. Qh6 Bf6 14. Nf3 Bg7 15. Qh3 f6 16. dxc5 bxc5 17. e4 Rad8 18. exd5 exd5 19. Qxd7 Rxd7 20. Rfe1 Rfd8 21. Bb5 Kf7 22. Rad1 Re7 23. Kf1 Ne5 24. Nd2 a6 25. Be2 d4 26. Bc4+ Nxc4 27. Nxc4 Rxe1+ 28. Rxe1 dxc3 29. Nd6+ Rxd6 30. Bxd6 Bf8 31. Bxf8 Kxf8 32. bxc3 Bd5 33. a3 f5 34. Re5 Bc4+ 35. Ke1 Bb5 36. Rxc5 Kf7 37. Rc7+ Ke6 38. Rxh7 Kf6 39. Kd2 Kg5 40. Ke3 f4+ 41. Kd4 Kf5 42. c4 Ba4 43. Ra7 Bc6 44. g3 fxg3 45. hxg3 Bf3 46. Rxa6 g5 47. c5 Kg4 48. c6 Bxc6 49. Rxc6 Kf3 50. Rf6+ 1-0

[Event "Online Olym Div3 A"]
[Site "Chess.com INT"]
[Date "2021.08.28"]
[Round "5.1"]
[White "Joshi, Sindira"]
[Black "Shih, Ching An"]
[Result "1-0"]
[WhiteElo "1506"]
[BlackElo "1582"]
[PlyCount "63"]
[EventDate "2021.08.27"]
[EventType "team-tourn (rapid)"]
[EventRounds "9"]
[EventCountry "USA"]
[SourceTitle "CBM 204 Extra"]
[Source "ChessBase"]
[SourceDate "2021.11.30"]
[SourceVersion "1"]
[SourceVersionDate "2021.11.30"]
[SourceQuality "1"]
[WhiteTeam "Nepal"]
[BlackTeam "Taiwan"]
[WhiteTeamCountry "NEP"]
[BlackTeamCountry "TPE"]

1. e4 e5 2. Nf3 Nc6 3. d4 exd4 4. Bc4 Be7 5. c3 d6 6. cxd4 Nf6 7. Nc3 0-0 8. h3 a6 9. Bb3 Na5 10. Bc2 Nc6 11. 0-0 Re8 12. Re1 Bf8 13. Bg5 h6 14. Bh4 Be7 15. e5 dxe5 16. dxe5 Qxd1 17. Raxd1 Nh5 18. Bxe7 Nxe7 19. Rd4 g6 20. Bb3 Ng7 21. Ne4 Nc6 22. Nf6+ Kf8 23. Rh4 Nf5 24. Rhe4 Rd8 25. Nd5 Rd7 26. e6 fxe6 27. Rxe6 Nce7 28. Nxe7 Nxe7 29. Rf6+ Ke8 30. Rxg6 Rd6 31. Rg8+ Kd7 32. Ne5# 1-0

[Event "Online Olym Div3 A"]
[Site "Chess.com INT"]
[Date "2021.08.27"]
[Round "1.1"]
[White "Joshi, Sindira"]
[Black "Taweesupmun, Chanida"]
[Result "0-1"]
[WhiteElo "1506"]
[BlackElo "1618"]
[PlyCount "70"]
[EventDate "2021.08.27"]
[EventType "team-tourn (rapid)"]
[EventRounds "9"]
[EventCountry "USA"]
[SourceTitle "CBM 204 Extra"]
[Source "ChessBase"]
[SourceDate "2021.11.30"]
[SourceVersion "1"]
[SourceVersionDate "2021.11.30"]
[SourceQuality "1"]
[WhiteTeam "Nepal"]
[BlackTeam "Thailand"]
[WhiteTeamCountry "NEP"]
[BlackTeamCountry "THA"]

1. e4 e5 2. Nf3 Nc6 3. d4 exd4 4. Bc4 Bb4+ 5. c3 Be7 6. cxd4 d6 7. 0-0 Nf6 8. Nc3 0-0 9. h3 a6 10. Bf4 Na5 11. Bd3 c5 12. e5 dxe5 13. dxe5 Ne8 14. Qc2 Be6 15. Bxh7+ Kh8 16. Be4 Qc7 17. Bg3 Rd8 18. Rad1 Nc6 19. Nd5 Qa5 20. Nxe7 Nxe7 21. Rxd8 Qxd8 22. Qxc5 b6 23. Qc2 Nc7 24. Rd1 Ned5 25. Nd4 Qe7 26. Nf5 Qg5 27. Nd6 f5 28. Bf3 f4 29. Qd2 Qxe5 30. Bxd5 Nxd5 31. Nc4 Qc7 32. Qe2 fxg3 33. Qxe6 gxf2+ 34. Kf1 Qxc4+ 35. Qe2 Ne3# 0-1

[Event "Asia Nations online Cup (Women)"]
[Site "Chess.com INT"]
[Date "2020.10.17"]
[Round "6.10"]
[White "Joshi, Sindira"]
[Black "Rayan, Mohammad Ali Hassan"]
[Result "0-1"]
[WhiteElo "1585"]
[BlackElo "1479"]
[PlyCount "28"]
[EventDate "2020.10.11"]
[EventType "team-swiss (rapid)"]
[EventRounds "9"]
[EventCountry "IND"]
[SourceTitle "CBM 198 Extra"]
[Source "ChessBase"]
[SourceDate "2020.11.30"]
[SourceVersion "1"]
[SourceVersionDate "2020.11.30"]
[SourceQuality "1"]
[WhiteTeam "Nepal (W)"]
[BlackTeam "United Arab Emirates (W)"]
[WhiteTeamCountry "NEP"]
[BlackTeamCountry "UAE"]

1. e4 e5 2. Nf3 Nf6 3. Nxe5 d6 4. Nf3 Nxe4 5. Nc3 Nxc3 6. dxc3 Be7 7. Be3 c6 8. Qd2 Nd7 9. 0-0-0 0-0 10. Bd3 Ne5 11. Nxe5 dxe5 12. g3 Qa5 13. Kb1 Be6 14. b3 Rfd8 0-1

[Event "Olympiad Women-43"]
[Site "Batumi"]
[Date "2018.10.03"]
[Round "9.2"]
[White "Joshi, Sindira"]
[Black "Yearwood, Shannon"]
[Result "1/2-1/2"]
[WhiteElo "1584"]
[BlackElo "1608"]
[PlyCount "113"]
[EventDate "2018.09.24"]
[EventType "team-swiss"]
[EventRounds "11"]
[EventCountry "GEO"]
[SourceTitle "EXT 2020"]
[Source "ChessBase"]
[SourceDate "2019.10.17"]
[SourceVersion "1"]
[SourceVersionDate "2019.10.17"]
[SourceQuality "1"]
[WhiteTeam "Nepal (W)"]
[BlackTeam "Trinidad and Tobago (W)"]
[WhiteTeamCountry "NEP"]
[BlackTeamCountry "TRI"]

1. e4 e5 2. Nf3 Nc6 3. d4 exd4 4. Bc4 Nf6 5. 0-0 Nxe4 6. Re1 d5 7. Bb5 Bc5 8. Bxc6+ bxc6 9. Nxd4 0-0 10. Be3 Bxd4 11. Bxd4 c5 12. Be5 Re8 13. Bf4 Bb7 14. Nd2 Qf6 15. Nxe4 dxe4 16. Bxc7 e3 17. Bg3 Rad8 18. Qg4 Rd4 19. f4 Qc6 20. Re2 Qd5 21. Rae1 Rd2 22. Rxd2 Qxd2 23. Qe2 Qxe2 24. Rxe2 Ba6 25. Re1 e2 26. b3 c4 27. c3 cxb3 28. axb3 Bd3 29. Kf2 f5 30. Ra1 a6 31. Ke1 Bc2 32. b4 Bd3 33. Bf2 Re4 34. g3 Kf7 35. Ra5 Bb5 36. Ra2 Kg6 37. Rd2 Kh5 38. h3 g5 39. Rd5 gxf4 40. Rxf5+ Kg6 41. Rxf4 Rxf4 42. gxf4 Kf5 43. Bg3 Ke4 44. Kd2 Kf3 45. Be1 Kxf4 46. Kc2 Bc4 47. Kd2 Kf3 48. Kc2 Ke3 49. Kc1 h5 50. h4 Bd3 51. Kb2 Kf3 52. Kc1 Kg2 53. Kd2 Kf1 54. Bg3 Bc4 55. Be1 Kg2 56. Ke3 Bb5 57. Kd2 1/2-1/2

[Event "Olympiad Women-43"]
[Site "Batumi"]
[Date "2018.10.01"]
[Round "7.57"]
[White "Joshi, Sindira"]
[Black "Kaslan, Catherine"]
[Result "1/2-1/2"]
[WhiteElo "1584"]
[BlackElo "1735"]
[PlyCount "132"]
[EventDate "2018.09.24"]
[EventType "team-swiss"]
[EventRounds "11"]
[EventCountry "GEO"]
[SourceTitle "EXT 2020"]
[Source "ChessBase"]
[SourceDate "2019.10.17"]
[SourceVersion "1"]
[SourceVersionDate "2019.10.17"]
[SourceQuality "1"]
[WhiteTeam "Nepal (W)"]
[BlackTeam "Surinam (W)"]
[WhiteTeamCountry "NEP"]
[BlackTeamCountry "SUR"]

1. e4 c5 2. Nc3 Nc6 3. f4 g6 4. Nf3 Bg7 5. Bb5 Nd4 6. 0-0 a6 7. Bc4 e6 8. d3 b5 9. Bb3 d6 10. Nxd4 cxd4 11. Ne2 Ne7 12. Qe1 0-0 13. Kh1 f5 14. Ng1 Kh8 15. Nf3 Bf6 16. Qf2 e5 17. fxe5 dxe5 18. Bh6 fxe4 19. Bxf8 exf3 20. Qxf3 Bf5 21. Bxe7 Bxe7 22. Bd5 Rb8 23. Be4 Be6 24. Qe2 Qd7 25. Bf3 Bd6 26. Rf2 Qc7 27. Be4 Bf8 28. Raf1 Bg7 29. Bf3 Rd8 30. Bg4 Bd5 31. Bf3 Be6 32. Be4 Kg8 33. h4 Qe7 34. g3 Qd7 35. h5 Bg4 36. Bf3 gxh5 37. Bxg4 Qxg4 38. Qxg4 hxg4 39. Rf7 Rd6 40. Ra7 h6 41. Ra8+ Kh7 42. Rf7 Rc6 43. Raa7 Rg6 44. Rfe7 Kg8 45. Re8+ Bf8 46. Rxe5 Rc6 47. Re2 Bc5 48. Re8+ Bf8 49. Raa8 Rf6 50. Red8 Kg7 51. Rxd4 h5 52. Rd7+ Kg6 53. Rda7 Bc5 54. Rxa6 Bb6 55. Rg8+ Kh7 56. Rxb6 Rxb6 57. Rg5 Kh6 58. Rf5 Re6 59. Kg2 Kg6 60. Rf2 Kg5 61. d4 h4 62. gxh4+ Kxh4 63. c3 Re3 64. Rd2 Rg3+ 65. Kf1 Kh3 66. d5 Rf3+ 1/2-1/2

[Event "Olympiad Women-43"]
[Site "Batumi"]
[Date "2018.09.28"]
[Round "5.67"]
[White "Lieketseng, Ngatane"]
[Black "Joshi, Sindira"]
[Result "1-0"]
[WhiteElo "1518"]
[BlackElo "1584"]
[PlyCount "113"]
[EventDate "2018.09.24"]
[EventType "team-swiss"]
[EventRounds "11"]
[EventCountry "GEO"]
[SourceTitle "EXT 2020"]
[Source "ChessBase"]
[SourceDate "2019.10.17"]
[SourceVersion "1"]
[SourceVersionDate "2019.10.17"]
[SourceQuality "1"]
[WhiteTeam "Lesotho (W)"]
[BlackTeam "Nepal (W)"]
[WhiteTeamCountry "LES"]
[BlackTeamCountry "NEP"]

1. e4 e5 2. Nf3 Nf6 3. Nxe5 d6 4. Nf3 Nxe4 5. Be2 Be7 6. 0-0 0-0 7. Nc3 Nxc3 8. dxc3 Nc6 9. Be3 Bd7 10. h3 Re8 11. Qd2 Be6 12. Nh2 Ne5 13. b3 a5 14. f4 Nc6 15. f5 Bd7 16. Ng4 Ne5 17. f6 Bxg4 18. fxe7 Qxe7 19. hxg4 Ng6 20. Rf3 a4 21. Raf1 axb3 22. cxb3 Ra5 23. Bc4 Ne5 24. Rxf7 Nxf7 25. Bxf7+ Kh8 26. Bxe8 Qxe8 27. c4 Re5 28. Bd4 Re4 29. Rf4 Rxf4 30. Qxf4 Qe1+ 31. Qf1 Qxf1+ 32. Kxf1 Kg8 33. b4 Kf7 34. Ke2 g6 35. Kf3 Ke6 36. Ke4 c6 37. a4 Ke7 38. g5 Ke6 39. g4 Ke7 40. b5 c5 41. Bf6+ Ke6 42. Bg7 b6 43. Bc3 Ke7 44. Kd5 Kd7 45. a5 bxa5 46. Bxa5 Ke7 47. Kc6 Ke6 48. b6 Ke5 49. b7 Kf4 50. b8Q Kxg4 51. Bd2 d5 52. Qf4+ Kh3 53. Be1 Kg2 54. cxd5 Kh1 55. d6 c4 56. Qg3 c3 57. Bf2 1-0

[Event "Olympiad Women-43"]
[Site "Batumi"]
[Date "2018.09.25"]
[Round "2.46"]
[White "Antonova, Nadezhda"]
[Black "Joshi, Sindira"]
[Result "1-0"]
[WhiteElo "2038"]
[BlackElo "1584"]
[PlyCount "67"]
[EventDate "2018.09.24"]
[EventType "team-swiss"]
[EventRounds "11"]
[EventCountry "GEO"]
[SourceTitle "EXT 2020"]
[Source "ChessBase"]
[SourceDate "2019.10.17"]
[SourceVersion "1"]
[SourceVersionDate "2019.10.17"]
[SourceQuality "1"]
[WhiteTeam "Tajikistan (W)"]
[BlackTeam "Nepal (W)"]
[WhiteTeamCountry "TJK"]
[BlackTeamCountry "NEP"]

1. d4 Nf6 2. Nf3 e6 3. e3 b6 4. Nbd2 Bb7 5. Bd3 Nc6 6. c3 d6 7. 0-0 Be7 8. Re1 0-0 9. e4 e5 10. Nc4 exd4 11. cxd4 d5 12. exd5 Nxd5 13. Nce5 Re8 14. a3 Bf6 15. Bb5 Nde7 16. Qa4 Bxe5 17. dxe5 a6 18. Bf1 Ng6 19. Bg5 Qd7 20. Rad1 Qe6 21. Bc4 Qf5 22. Bd3 Qe6 23. Qc2 h6 24. Bc4 Qg4 25. e6 Nce5 26. exf7+ Kh7 27. fxe8Q Nxf3+ 28. Kh1 Rxe8 29. Rxe8 hxg5 30. Bd5 Bxd5 31. Rxd5 Nfh4 32. f3 Qh5 33. Rdd8 g4 34. Rh8# 1-0

[Event "Olympiad Women-42"]
[Site "Baku"]
[Date "2016.09.13"]
[Round "11.1"]
[White "Joshi, Sindira"]
[Black "Caton, Stacey"]
[Result "1-0"]
[WhiteElo "1574"]
[BlackElo "1605"]
[PlyCount "61"]
[EventDate "2016.09.02"]
[EventType "team-swiss"]
[EventRounds "11"]
[EventCountry "AZE"]
[SourceTitle "CBM 174 Extra"]
[Source "ChessBase"]
[SourceDate "2016.10.10"]
[SourceVersion "1"]
[SourceVersionDate "2016.10.10"]
[SourceQuality "1"]
[WhiteTeam "Nepal (W)"]
[BlackTeam "Aruba (W)"]
[WhiteTeamCountry "NEP"]
[BlackTeamCountry "ARN"]

1. e4 d6 2. d4 Nf6 3. Nc3 g6 4. Nf3 Bg7 5. h3 0-0 6. Be3 Nbd7 7. Bc4 e5 8. dxe5 dxe5 9. Qd2 c6 10. a4 Qe7 11. 0-0 Nc5 12. Bd3 Be6 13. Bh6 Rfd8 14. Bxg7 Kxg7 15. Qe3 Nxd3 16. cxd3 Qc7 17. Rad1 Bb3 18. Rd2 Re8 19. d4 exd4 20. Nxd4 Be6 21. f4 Nh5 22. e5 Qb6 23. g4 Nf6 24. Nxe6+ Rxe6 25. Qxb6 axb6 26. exf6+ Rxf6 27. Rd7 Ra7 28. f5 gxf5 29. g5 Re6 30. Rxf5 Re1+ 31. Kf2 1-0

[Event "Olympiad Women-42"]
[Site "Baku"]
[Date "2016.09.10"]
[Round "8.1"]
[White "Msukwa, Tupokiwe"]
[Black "Joshi, Sindira"]
[Result "1-0"]
[WhiteElo "1232"]
[BlackElo "1574"]
[PlyCount "116"]
[EventDate "2016.09.02"]
[EventType "team-swiss"]
[EventRounds "11"]
[EventCountry "AZE"]
[SourceTitle "CBM 174 Extra"]
[Source "ChessBase"]
[SourceDate "2016.10.10"]
[SourceVersion "1"]
[SourceVersionDate "2016.10.10"]
[SourceQuality "1"]
[WhiteTeam "Malawi (W)"]
[BlackTeam "Nepal (W)"]
[WhiteTeamCountry "MWI"]
[BlackTeamCountry "NEP"]

1. d4 Nf6 2. c4 e6 3. a3 c5 4. e3 cxd4 5. exd4 d5 6. c5 Nc6 7. Nf3 Be7 8. Be2 0-0 9. 0-0 b6 10. Bb5 Bb7 11. Bxc6 Bxc6 12. b4 Nd7 13. Re1 a5 14. Bb2 axb4 15. axb4 bxc5 16. bxc5 Re8 17. Nbd2 Bf8 18. Nf1 e5 19. Qc2 e4 20. N3d2 f5 21. f4 g5 22. Rxa8 Qxa8 23. fxg5 Nb8 24. Ng3 f4 25. Nh5 Be7 26. Nxf4 Bxg5 27. Nh3 Bf6 28. Qc3 Na6 29. Qg3+ Kh8 30. Rf1 Rg8 31. Qd6 Bg7 32. Ng5 h6 33. Nf7+ Kh7 34. Ne5 Bxe5 35. Qxe5 Qe8 36. Rf5 Qxe5 37. Rxe5 Rc8 38. Nf1 Nb4 39. Ne3 Nd3 40. Re7+ Kg8 41. Bc3 Kf8 42. Rh7 Nf4 43. Rh8+ Ke7 44. Rxc8 Kd7 45. Rh8 Ne2+ 46. Kf2 Nxc3 47. Rxh6 Nb5 48. Nc2 Nc7 49. Rd6+ Ke7 50. Rxc6 Ne6 51. Rd6 Nf4 52. Kg3 Ne2+ 53. Kg4 Nc3 54. Kf5 Nd1 55. Rxd5 e3 56. Re5+ Kd7 57. Nxe3 Nxe3+ 58. Rxe3 Kc6 1-0